000 00269nam a2200133Ia 4500
100 _a#N/A
650 _aComputers
942 _cBK
654 _aSQL SERVER
245 _aSQL SERVER 7-DEVELOPERS GUIDE
260 _bTATA MCGRAWHIL
082 _bOTE
546 _aENGLISH
999 _c28263
_d28263